| 000 -LEADER |
| fixed length control field |
00872nam a22002297a 4500 |
| 005 - DATE AND TIME OF LATEST TRANSACTION |
| control field |
20210624121602.0 |
| 008 - FIXED-LENGTH DATA ELEMENTS--GENERAL INFORMATION |
| fixed length control field |
210624s2013 enk||||| |||| 00| 0 eng d |
| 020 ## - INTERNATIONAL STANDARD BOOK NUMBER |
| International Standard Book Number |
9781618210760 |
| 041 ## - LANGUAGE CODE |
| Language code of text/sound track or separate title |
eng |
| 080 ## - UNIVERSAL DECIMAL CLASSIFICATION NUMBER |
| Universal Decimal Classification number |
37.014.3 S-68 |
| 245 ## - TITLE STATEMENT |
| Title |
Smart Kids with Learning Difficulties : |
| Remainder of title |
Overcoming Obstacles and Realizing Potential / |
| Statement of responsibility, etc. |
Weinfeld, Rich; Barnes-Robinson, Linda; Jeweler, Sue; Shevitz, Betty Roffman. |
| 250 ## - EDITION STATEMENT |
| Edition statement |
Second edition |
| 264 ## - PRODUCTION, PUBLICATION, DISTRIBUTION, MANUFACTURE, AND COPYRIGHT NOTICE |
| Place of production, publication, distribution, manufacture |
Hawthorne : |
| Name of producer, publisher, distributor, manufacturer |
Prufrock Press, |
| Date of production, publication, distribution, manufacture, or copyright notice |
2013. |
| 300 ## - PHYSICAL DESCRIPTION |
| Extent |
270 p. |
| Other physical details |
22 cm. |
| 653 ## - INDEX TERM--UNCONTROLLED |
| keyword |
პედაგოგიკა |
| 653 ## - INDEX TERM--UNCONTROLLED |
| keyword |
Педагогика |
| 700 ## - ADDED ENTRY--PERSONAL NAME |
| Personal name |
Weinfeldб Rich |
| Relator term |
ავტორი |
| 9 (RLIN) |
12112 |
| 700 ## - ADDED ENTRY--PERSONAL NAME |
| Personal name |
Barnes-Robinsonб Linda |
| Relator term |
ავტორი |
| 9 (RLIN) |
12113 |
| 700 ## - ADDED ENTRY--PERSONAL NAME |
| Personal name |
Jeweler,Sue |
| Relator term |
ავტორი |
| 9 (RLIN) |
12114 |
| 700 ## - ADDED ENTRY--PERSONAL NAME |
| Personal name |
Roffman Shevitz, Betty |
| Relator term |
ავტორი |
| 9 (RLIN) |
12115 |
| 942 ## - ADDED ENTRY ELEMENTS (KOHA) |
| Source of classification or shelving scheme |
|
| Koha item type |
წიგნი |